书目信息 |
| 题名: |
中国公共政策评论
|
|
| 作者: | 岳经纶 , 郭巍青 主编 | |
| 分册: | 第1卷 | |
| 出版信息: | 上海 上海人民出版社 2007.08 |
|
| 页数: | 234页 | |
| 开本: | 26cm | |
| 丛书名: | ||
| 单 册: | ||
| 中图分类: | D601-53 | |
| 科图分类: | ||
| 主题词: | 公共政策--gong gong zheng ce--研究--中国--文集 | |
| 电子资源: | ||
| ISBN: | 978-7-208-07266-4 | |
| 000 | 01063nam0 2200265 450 | |
| 001 | 012007206494 | |
| 005 | 20071230093457.71 | |
| 010 | @a978-7-208-07266-4@dCNY26.00 | |
| 100 | @a20071229d2007 km y0chiy0120 ea | |
| 101 | 0 | @achi |
| 102 | @aCN@b310000 | |
| 105 | @ay a 000yy | |
| 106 | @ar | |
| 200 | 1 | @a中国公共政策评论@Azhong guo gong gong zheng ce ping lun@d= Chinese public policy review@h第1卷@f岳经纶, 郭巍青主编@Fyue jing lun,guo wei qing zhu bian@zeng |
| 210 | @a上海@c上海人民出版社@d2007.08 | |
| 215 | @a234页@d26cm | |
| 320 | @a有书目。 | |
| 330 | @a《中国公共政策评论》第1卷主要探讨新世纪以来我国主要公共政策领域发生的变化。这了理解和推动这些变化,我们引用了“政策范式”概念,并在这一概念的指导下,对若干重要政策领域发生的变化进行了梳理、分析。 | |
| 510 | 1 | @aChinese public policy review@zeng |
| 606 | 0 | @a公共政策@Agong gong zheng ce@x研究@y中国@j文集 |
| 690 | @aD601-53@v4 | |
| 701 | 0 | @a岳经纶@Ayue jing lun@4主编 |
| 701 | 0 | @a郭巍青@Aguo wei qing@4主编 |
| 801 | 0 | @aCN@bQSSK@c20071230 |
| 905 | @b275415-16@dD601-53@eY948:1@f2 | |
| 中国公共政策评论= Chinese public policy review.第1卷/岳经纶, 郭巍青主编.-上海:上海人民出版社,2007.08 |
| 234页;26cm |
| ISBN 978-7-208-07266-4:CNY26.00 |
| 《中国公共政策评论》第1卷主要探讨新世纪以来我国主要公共政策领域发生的变化。这了理解和推动这些变化,我们引用了“政策范式”概念,并在这一概念的指导下,对若干重要政策领域发生的变化进行了梳理、分析。 |
| ● |
| 相关链接 |
|
|
|
正题名:中国公共政策评论
索取号:D601-53/Y948:1
 
预约/预借
| 序号 | 登录号 | 条形码 | 馆藏地/架位号 | 状态 | 备注 |
| 1 | 275415 | 202754153 | 社科库509/509社科库 71排8列3层/ [索取号:D601-53/Y948:1] | 在馆 | |
| 2 | 275416 | 202754162 | 社科库509/509社科库 71排8列3层/ [索取号:D601-53/Y948:1] | 在馆 |